00538nam a2200157 450000500170000001000150001702000260003203500140005803700130007208200080008510000160009324501240010926000350023327000920026830000200036020191108114545.0 aENG-126866 a9789352668790c500.00 aEN-110398 bDBAD/PUB a954 aSaini, Renu aModi@success India :cby William Walker Atkinsonb101 inspiring stories from the life of prime minister Narendra Modi / aDelhibPrabhat Prakashanc2018 a4/19, Asaf Ali Road, New DelhibNew Delhie110002k011-23289777mprabhatbooks@gmail.com a255p.c22cm(Hb)